[Event "4NCL Div 1 2018-19"]
[Site "Daventry"]
[Date "2019.01.12"]
[Round "3"]
[White "Camacho Collados, Jose"]
[Black "Toczek, Grzegorz"]
[Result "1-0"]
[WhiteElo "2405"]
[BlackElo "2263"]
[Annotator "TA"]
[PlyCount "171"]
[EventDate "2019.01.12"]
[EventCountry "GBR"]
[SourceTitle "playchess.com"]
[Source "ChessBase"]
[SourceQuality "1"]

{[%evp 19,171,11,6,3,9,6,3,-2,0,0,8,6,11,0,26,0,0,0,62,62,56,50,51,58,51,26,50,45,86,26,16,14,14,8,150,147,136,129,127,119,125,116,114,119,129,122,125,119,150,154,152,128,219,237,237,123,123,123,123,123,122,109,109,114,118,95,114,101,109,109,147,147,151,151,150,151,160,160,158,158,157,157,155,154,193,173,172,176,216,148,245,166,170,160,160,160,193,173,166,166,164,150,152,151,162,141,161,156,160,158,157,154,167,164,174,166,226,177,197,188,182,187,213,211,487,515,1264,1338,983,467,467,453,395,379,387,371,366,357,382,364,582,558,504,502,802,793,2202,1133,29984,29985,29983,29984,29993,29991]} 1. g3 c5 2. Bg2 Nc6 3. c4 g6 4. Nc3 Bg7 5. e3 e5 6. Nge2 Nge7 7. a3 O-O 8. Rb1 a5 9. O-O d6 10. d3 Rb8 {LiveBook: 152 Games} 11. Qb3 {A36: Symmetrical English vs ...g6: 4 Bg2 Bg7} (11. Nd5 Nxd5 12. cxd5 Ne7 13. b4 cxb4 14. axb4 b5 15. bxa5 Qxa5 16. Bd2 b4 17. Qb3 Bg4 18. Nc1 Rb6 19. Na2 Be2 {1-0 (57) Nakamura,H (2779)-Dominguez Perez,L (2739) Doha 2016}) 11... Bd7 12. Nb5 Bf5 $146 ({Predecessor:} 12... Be6 13. Nec3 f5 14. Nd5 Nxd5 15. cxd5 Bf7 16. Qc2 Ne7 17. e4 Be8 18. Nc3 f4 {0-1 (39) Grimm,P (1910)-Wittmann,K (2019) Mittelfranken 2010}) 13. Rd1 {The position is equal.} Bg4 14. Re1 Bf5 15. Bd2 Qd7 16. Rbd1 Rfd8 17. d4 cxd4 18. exd4 a4 (18... exd4 $11 19. Bg5 d3) 19. Qxa4 $14 exd4 20. Bg5 {[%cal Re2d4]} Bg4 21. f3 $36 {[%mdl 2048] White has some pressure.} ({Don't play} 21. Nexd4 Nxd4 22. Rxe7 Qf5 $11) 21... Be6 22. Kh1 {[%cal Rb5d4]} ({But not} 22. Nexd4 $2 Nxd4 23. Bxe7 Ra8 $19) 22... Ra8 23. Qc2 $1 {[%cal Re2d4]} Rdc8 24. Nexd4 (24. b3 $16) 24... Nxd4 $11 25. Nxd4 Rxc4 26. Qf2 $1 Rac8 (26... Nf5 $11 27. Nxe6 fxe6) 27. Nxe6 $16 fxe6 {[#]} 28. Bxe7 $1 Qxe7 29. Bh3 {[%cal Bg2h3,Bh3e6,Be6d5][%mdl 32]} Rc2 30. Rd2 Rc1 {[#]} 31. Rde2 $1 Kh8 32. Bxe6 Rxe1+ 33. Qxe1 Rf8 34. Bd5 Qg5 35. Qd2 Qf6 (35... Qxd2 $16 {keeps fighting.} 36. Rxd2 Bf6) 36. Bxb7 $18 Rb8 37. Bd5 ({Better is} 37. Qd5 $18) 37... Qxb2 $16 38. Qxb2 Bxb2 {[%mdl 4096] Endgame KRB-KRB} 39. a4 Bc3 40. Re6 Bb4 41. Kg2 Rc8 42. Be4 Rd8 43. h4 d5 44. Bd3 Kg7 45. Rb6 Bc3 46. Rb7+ Kg8 47. h5 Ra8 48. hxg6 hxg6 49. Bxg6 Rxa4 50. Bf7+ Kf8 51. Bxd5 Be1 52. Rf7+ Ke8 53. Rf5 Ra1 54. Kh3 Bf2 (54... Kd7 $16 55. Be4 Ke6) 55. Re5+ Kf8 56. Re2 Bd4 57. Kg4 Ra7 58. f4 Ra3 59. Rc2 Ke7 60. Be4 Re3 61. Bf3 Ra3 62. Re2+ Kf8 63. Rd2 Bc5 64. Bc6 Rc3 65. Bd5 Ra3 66. Rg2 Kg7 67. Kf5 Ra5 (67... Bd6 $142 68. Kg4 Kf6) 68. Rd2 Bd6 69. Rd4 Bc5 70. Rd3 Bd6 71. Ke6 Bc7 $2 (71... Ba3 72. Bc4 Ra7) 72. Bc4 $18 Rc5 (72... Kg8 $142 73. Kd7+ Kh7 74. Kxc7 Rc5+ 75. Kd6 Rxc4) 73. Rd7+ Kf8 74. Bd5 (74. Rf7+ $142 Kg8 75. Bd5) 74... Rc3 {Black hopes to continue with ...Re3+.} 75. Rf7+ Ke8 76. Rg7 {[%cal Rg7g8]} Re3+ 77. Kf6 Bd8+ 78. Kf5 Be7 79. g4 {[%cal Bg3g4,Bg4g5,Bg5g6][%mdl 32]} Ra3 (79... Bb4 $142 80. Rb7 Bd2) 80. g5 Ra5 81. Ke5 Ra6 (81... Bb4 $142) 82. Bc4 Ra7 83. Rg8+ Bf8 84. Kf6 {White mates.} Rb7 85. g6 Rb4 86. Rxf8+ {Precision: White = 71%, Black = 40%.} 1-0

[Event "4NCL Div 1 2018-19"]
[Site "Daventry"]
[Date "2019.01.12"]
[Round "3"]
[White "Roberson, Peter T"]
[Black "Hawkins, Jonathan"]
[Result "1/2-1/2"]
[WhiteElo "2403"]
[BlackElo "2579"]
[Annotator "TA"]
[PlyCount "135"]
[EventDate "2019.01.12"]
[EventCountry "GBR"]
[SourceTitle "playchess.com"]
[Source "ChessBase"]
[SourceQuality "1"]

{[%evp 21,135,66,64,71,77,77,79,77,79,83,101,97,114,114,108,108,107,120,120,95,96,96,105,81,68,70,67,76,73,72,91,57,55,41,26,0,0,-10,-15,-13,-13,-35,-39,-39,-38,-53,-14,-14,-14,-14,-14,-15,-14,-14,-14,-14,-14,-85,-50,-85,-85,-85,-85,-85,-85,-85,-60,-60,-54,-59,-33,-33,-53,-12834,-12836,-12817,-12815,-12846,-12843,-12842,-12833,-12845,-12810,-29942,-12849,-29936,-12847,-29936,-29941,-12849,-5410,-6301,-6301,-5394,-5073,-858,-162,-162,-162,-162,-53,-162,-167,-171,-53,-53,-53,-53,-53,-53,-46,-53,-33,-33,-8,-8]} 1. e4 e5 2. Nf3 Nf6 3. d4 Nxe4 4. Bd3 d5 5. Nxe5 Nd7 6. Nxf7 Qe7 7. Qe2 {C43: Petroff Defence: 3 d4} (7. Nxh8 Nc3+ 8. Kd2 Nxd1 9. Re1 Nxf2 10. Bxh7 Ne4+ 11. Rxe4 dxe4 12. Bg6+ Kd8 13. Nf7+ Ke8 14. Nd6+ Kd8 15. Nf7+ Ke8 16. Nd6+ Kd8 17. Nf7+ Ke8 18. Nd6+ Kd8 19. Nf7+ Ke8 20. Nd6+ {½-½ (20) Becerra Rivero,J (2609)-Khachiyan,M (2546) Saint Louis 2009}) 7... Qxf7 8. f3 Ndf6 9. Nd2 Qh5 10. fxe4 Bg4 11. Qe3 dxe4 {LiveBook: 3 Games} 12. Nxe4 O-O-O 13. O-O {h3 is the strong threat.} Nxe4 14. Bxe4 Bd6 15. g3 $146 Rhe8 16. Bd2 Rd7 {aiming for ...Rde7.} 17. Rae1 $1 {And now Bxb7+! would win.} Rde7 18. Qd3 Bh3 19. Rf3 c6 20. Rfe3 Rf8 21. Bg2 Rxe3 22. Qxe3 Bxg2 23. Kxg2 Qd5+ 24. Qe4 Qxa2 25. b3 g6 26. Bc3 Qa6 $1 27. Qe6+ $1 Kc7 28. Ra1 Qb5 29. Ba5+ b6 30. Bd2 a5 31. Re1 Qd5+ 32. Qxd5 cxd5 $15 {[%mdl 4096] Endgame KRB-KRB} 33. Rf1 Kc6 34. Rxf8 Bxf8 $11 {KB-KB} 35. Kf3 Bg7 36. Bc3 Bf6 37. Ke3 Bd8 38. Kd3 b5 {[%cal Bb6b5,Bb5a4,Ba4a3][%mdl 32]} 39. Bb2 (39. h3 $11) 39... Be7 $17 40. c3 h5 41. h3 a4 42. bxa4 bxa4 43. c4 a3 44. Ba1 Bb4 45. g4 hxg4 (45... Ba5 {is more complex.} 46. c5 Kb5 47. Bc3 Bc7 48. Bd2 a2) 46. hxg4 Ba5 47. cxd5+ $2 {[%mdl 8192]} (47. c5 $15) 47... Kxd5 $19 48. Kc2 Kc4 49. d5 Bb4 50. Bf6 Kxd5 51. Kb3 Bc5 52. Bc3 Ke4 (52... Be7 $142 53. Bd2 Kd4 54. g5 Ke4 55. Bc1 Kf5 56. Ka2 Bxg5 57. Bxa3 Bd8 58. Bc1 Bc7 59. Kb3 Bf4 60. Ba3 g5 61. Kc2 Ke4 62. Kd1 Kf3 63. Ke1 g4 64. Kf1 Bh2 65. Ke1 Kg3 66. Ke2 Kh3 67. Bc5 g3 68. Bd4 g2 69. Bb6 Bb8 70. Bg1 Kg3 71. Bd4 Kh2 72. Bb6 Kh1 73. Be3 Bh2 74. Bb6 Bg1 75. Ba5 Ba7 76. Bd2 g1=Q 77. Kd3 Qd4+ 78. Kc2 Qc4+ 79. Kb2 Bd4+ 80. Ka3 Qd3+ 81. Kb4 Qxd2+ 82. Kc4 Be3 83. Kb3 Qd4 84. Ka3 Qc3+ 85. Ka4 Qc4+ 86. Ka5 Qb3 87. Ka6 Qb6#) 53. Bd2 Bd6 (53... Bf8 $142 54. Ka2 Be7 55. Bc1 Kf3 56. g5 Ke4 57. Kb3 Kf5 58. Ka2 Bxg5 59. Bxa3 Bf6 60. Kb3 g5 61. Kc2 g4 62. Kd3 g3 63. Bc5 g2 64. Ke2 Kg4 65. Bf2 Kh3 66. Bg1 Kg3 67. Bb6 Be5 68. Bg1 Bd6 69. Bf2+ Kh2 70. Ba7 Kh1 71. Kd3 Bh2 72. Bd4 Bg1 73. Bg7 Bf2 74. Bd4 Bxd4 75. Kxd4 g1=Q+ 76. Kd5 Qc1 77. Kd6 Kg2 78. Ke6 Qc6+ 79. Ke5 Kg3 80. Kd4 Kf3 81. Ke5 Qd7 82. Kf6 Kf4 83. Kg6 Qe7 84. Kh6 Kf5 85. Kh5 Qh7#) 54. Bc1 Kf3 55. g5 Be7 (55... Kg4 $142 56. Ka2 Be7) 56. Ka2 Ke4 57. Kb3 Bd6 58. Ka2 Bf4 $2 (58... Kf5 59. Be3 Be7) 59. Bxa3 Bxg5 60. Kb3 Kd3 ({Black should play} 60... Bf6 $1 $19 {White must now prevent ...g5.} 61. Kc2 g5) 61. Bd6 {[#]} (61. Bb2 $15) 61... Bf6 $1 62. Bf4 {[#]} Bd4 ({Better is} 62... Ke4 $1 $19 {[%cal Re4f4]} 63. Bc1 Be5) 63. Bg5 $1 $15 Bc3 64. Be7 Be5 65. Bd8 Ke4 66. Kc4 Kf5 67. Kd3 g5 {[#]} 68. Bxg5 $1 {[%mdl 512] Precision: White = 55%, Black = 61%.} 1/2-1/2

[Event "4NCL Div 1 2018-19"]
[Site "Daventry"]
[Date "2019.01.12"]
[Round "3"]
[White "Hunt, Adam C"]
[Black "Fitzsimons, David"]
[Result "1-0"]
[WhiteElo "2401"]
[BlackElo "2301"]
[Annotator "NA"]
[PlyCount "107"]
[EventDate "2019.01.12"]
[EventCountry "GBR"]
[SourceTitle "playchess.com"]
[Source "ChessBase"]
[SourceQuality "1"]
[TimeControl "40"]

1. e4 {[%emt 0:00:00]} g6 {[%emt 0:00:00]} 2. d4 {[%emt 0:00:00]} Bg7 {[%emt 0:00:00]} 3. Nc3 {[%emt 0:00:00]} d5 {[%emt 0:00:00]} 4. e5 {[%emt 0:00:00]} f6 {[%emt 0:00:00]} 5. f4 {[%emt 0:00:00]} Nh6 {[%emt 0:00:00]} 6. Nf3 {[%emt 0:00:00]} O-O {[%emt 0:00:00]} 7. Be2 {[%emt 0:00:00]} Bg4 {[%emt 0:00:00]} 8. O-O {[%emt 0:00:00]} e6 {[%emt 0:00:00]} 9. Be3 {[%emt 0:00:00]} Nf5 {[%emt 0:00:00]} 10. Bf2 {[%emt 0:00:00]} Nd7 {[%emt 0:00:00]} 11. Ne1 {[%emt 0:00:00]} Bxe2 {[%emt 0:00:00]} 12. Nxe2 {[%emt 0:00:00]} fxe5 {[%emt 0:00:00]} 13. fxe5 {[%emt 0:00:00]} c5 {[%emt 0:00:00]} 14. c3 {[%emt 0:00:00]} cxd4 {[%emt 0:00:00]} 15. cxd4 {[%emt 0:00:00]} Bh6 {[%emt 0:00:00]} 16. Qd3 {[%emt 0:00:00]} Qb6 {[%emt 0:00:00]} 17. Rb1 {[%emt 0:00:00]} Rac8 {[%emt 0:00:00]} 18. Nc3 {[%emt 0:00:00]} Rc6 {[%emt 0:00:00]} 19. Nc2 {[%emt 0:00:00]} Rfc8 {[%emt 0:00:00]} 20. g4 {[%emt 0:00:00]} Ne7 {[%emt 0:00:00]} 21. Be3 {[%emt 0:00:00]} Nxe5 {[%emt 0:00:00]} 22. dxe5 {[%emt 0:00:00]} Bxe3+ {[%emt 0:00:00]} 23. Qxe3 {[%emt 0:00:00]} Qxe3+ {[%emt 0:00:00]} 24. Nxe3 {[%emt 0:00:00]} d4 {[%emt 0:00:00]} 25. Nb5 {[%emt 0:00:00]} dxe3 {[%emt 0:00:00]} 26. Nxa7 {[%emt 0:00:00]} Rc4 {[%emt 0:00:00]} 27. Nxc8 {[%emt 0:00:00]} Rxg4+ {[%emt 0:00:00]} 28. Kh1 {[%emt 0:00:00]} Nxc8 {[%emt 0:00:00]} 29. Rf3 {[%emt 0:00:00]} Re4 {[%emt 0:00:00]} 30. Re1 {[%emt 0:00:00]} e2 {[%emt 0:00:00]} 31. Rf2 {[%emt 0:00:00]} Nb6 {[%emt 0:00:00]} 32. Rexe2 {[%emt 0:00:00]} Ra4 {[%emt 0:00:00]} 33. b3 {[%emt 0:00:00]} Ra6 {[%emt 0:00:00]} 34. Rc2 {[%emt 0:00:00]} Nd5 {[%emt 0:00:00]} 35. Rc8+ {[%emt 0:00:00]} Kg7 {[%emt 0:00:00]} 36. Rb8 {[%emt 0:00:00]} b6 {[%emt 0:00:00]} 37. Rb7+ {[%emt 0:00:00]} Kh6 {[%emt 0:00:00]} 38. Kg2 {[%emt 0:00:00]} Ra5 {[%emt 0:00:00]} 39. Kg3 {[%emt 0:00:00]} g5 {[%emt 0:00:00]} 40. a4 {[%emt 0:00:00]} Rc5 {[%emt 0:00:00]} 41. Rd7 {[%emt 0:00:00]} Kg6 {[%emt 0:00:00]} 42. Rd6 {[%emt 0:00:00]} Rc3+ {[%emt 0:00:00]} 43. Rf3 {[%emt 0:00:00]} Rxf3+ {[%emt 0:00:00]} 44. Kxf3 {[%emt 0:00:00]} Kf5 {[%emt 0:00:00]} 45. b4 {[%emt 0:00:00]} Kxe5 {[%emt 0:00:00]} 46. Rc6 {[%emt 0:00:00]} Nxb4 {[%emt 0:00:00]} 47. Rxb6 {[%emt 0:00:00]} Nd5 {[%emt 0:00:00]} 48. Rb7 {[%emt 0:00:00]} Kd4 {[%emt 0:00:00]} 49. a5 {[%emt 0:00:00]} e5 {[%emt 0:00:00]} 50. a6 {[%emt 0:00:00]} e4+ {[%emt 0:00:00]} 51. Ke2 {[%emt 0:00:00]} Nf4+ {[%emt 0:00:00]} 52. Kf1 {[%emt 0:00:00]} e3 {[%emt 0:00:00]} 53. a7 {[%emt 0:00:00]} e2+ {[%emt 0:00:00]} 54. Kf2 {[%emt 0:00:00]} 1-0

[Event "4NCL Div 1 2018-19"]
[Site "Daventry"]
[Date "2019.01.12"]
[Round "3"]
[White "Harvey, Marcus R"]
[Black "Gormally, Daniel W"]
[Result "1/2-1/2"]
[WhiteElo "2397"]
[BlackElo "2483"]
[Annotator "TA"]
[PlyCount "75"]
[EventDate "2019.01.12"]
[EventCountry "GBR"]
[SourceTitle "playchess.com"]
[Source "ChessBase"]
[SourceQuality "1"]

{[%evp 10,75,15,10,18,10,23,16,17,18,16,10,20,18,23,19,18,3,6,14,9,6,19,5,12,7,11,7,14,0,0,0,0,0,0,0,0,0,0,0,0,-20,-19,-38,0,0,0,-2,0,0,0,0,0,0,6,6,6,6,6,6,6,6,6,0,13,0,13,13]} 1. Nf3 Nf6 2. b3 d5 3. Bb2 Bf5 4. e3 e6 5. Nh4 (5. Be2 h6 6. O-O Bd6 7. c4 O-O 8. Nc3 c6 9. d3 Qe7 10. a3 Nbd7 11. b4 Rad8 12. Qb3 a6 13. Rad1 Rfe8 14. Rfe1 {1-0 (58) Vachier Lagrave,M (2796)-So,W (2812) Leuven 2017}) 5... Bg6 6. Be2 {LiveBook: 3 Games. A06: Réti Opening:1 Nf3 d5} Be7 7. O-O O-O 8. Nxg6 {White has an edge.} hxg6 9. c4 c5 10. cxd5 Nxd5 11. Nc3 Nxc3 $146 ({Predecessor:} 11... Nc6 12. Rc1 Ndb4 13. d3 Bf6 {1-0 (33) Popchev,M (2463)-Cazacu,G (1794) Plovdiv 2012}) 12. Bxc3 Nc6 13. Qc2 Rc8 14. Qb2 Bf6 15. Rac1 b6 16. a3 Bxc3 17. Qxc3 Qd6 18. Ba6 Rc7 19. Rc2 Ne7 20. Rfc1 Nd5 21. Qd3 {[#] Threatens to win with e4.} Rd7 22. Bb5 Rdd8 23. Qe4 Nf6 24. Qc4 Nd5 25. Qe2 Qe7 26. Qc4 Qd6 27. h3 {The position is equal.} a5 28. Qe4 Qb8 29. Bc6 Rd6 30. Bxd5 Rxd5 31. b4 axb4 32. axb4 Rfd8 33. bxc5 bxc5 34. Rxc5 Rxc5 35. Rxc5 {With the idea d4.} Rxd2 {[%cal Rd2d1] [#]} 36. g3 Rd8 37. h4 Qa8 38. Qxa8 {Precision: White = 59%, Black = 64%.} 1/2-1/2

[Event "4NCL Div 1 2018-19"]
[Site "Daventry"]
[Date "2019.01.12"]
[Round "3"]
[White "Pigott, John C"]
[Black "Moreby, James"]
[Result "1-0"]
[WhiteElo "2387"]
[BlackElo "2116"]
[Annotator "NA"]
[PlyCount "79"]
[EventDate "2019.01.12"]
[EventCountry "GBR"]
[SourceTitle "playchess.com"]
[Source "ChessBase"]
[SourceQuality "1"]
[TimeControl "40"]

1. c4 {[%emt 0:00:00]} e6 {[%emt 0:00:00]} 2. g3 {[%emt 0:00:00]} c5 {[%emt 0:00:00]} 3. Bg2 {[%emt 0:00:00]} Nc6 {[%emt 0:00:00]} 4. Nf3 {[%emt 0:00:00]} Nge7 {[%emt 0:00:00]} 5. O-O {[%emt 0:00:00]} g6 {[%emt 0:00:00]} 6. d4 {[%emt 0:00:00]} cxd4 {[%emt 0:00:00]} 7. Nxd4 {[%emt 0:00:00]} Bg7 {[%emt 0:00:00]} 8. Be3 {[%emt 0:00:00]} O-O {[%emt 0:00:00]} 9. Nc3 {[%emt 0:00:00]} d5 {[%emt 0:00:00]} 10. cxd5 {[%emt 0:00:00]} exd5 {[%emt 0:00:00]} 11. Qd2 {[%emt 0:00:00]} Be6 {[%emt 0:00:00]} 12. Rfd1 {[%emt 0:00:00]} Qd7 {[%emt 0:00:00]} 13. Nb3 {[%emt 0:00:00]} Rfd8 {[%emt 0:00:00]} 14. Bh6 {[%emt 0:00:00]} Bh8 {[%emt 0:00:00]} 15. Bg5 {[%emt 0:00:00]} b6 {[%emt 0:00:00]} 16. e4 {[%emt 0:00:00]} d4 {[%emt 0:00:00]} 17. Qf4 {[%emt 0:00:00]} Bg4 {[%emt 0:00:00]} 18. Bf3 {[%emt 0:00:00]} Bxf3 {[%emt 0:00:00]} 19. Qxf3 {[%emt 0:00:00]} f6 {[%emt 0:00:00]} 20. Bf4 {[%emt 0:00:00]} g5 {[%emt 0:00:00]} 21. Be3 {[%emt 0:00:00]} d3 {[%emt 0:00:00]} 22. Qh5 {[%emt 0:00:00]} Qe6 {[%emt 0:00:00]} 23. f4 {[%emt 0:00:00]} gxf4 {[%emt 0:00:00]} 24. gxf4 {[%emt 0:00:00]} f5 {[%emt 0:00:00]} 25. e5 {[%emt 0:00:00]} Rd7 {[%emt 0:00:00]} 26. Rd2 {[%emt 0:00:00]} Nd5 {[%emt 0:00:00]} 27. Nxd5 {[%emt 0:00:00]} Rxd5 {[%emt 0:00:00]} 28. Rg2+ {[%emt 0:00:00]} Bg7 {[%emt 0:00:00]} 29. Kf2 {[%emt 0:00:00]} Kh8 {[%emt 0:00:00]} 30. Rag1 {[%emt 0:00:00]} Rg8 {[%emt 0:00:00]} 31. Rg5 {[%emt 0:00:00]} Ne7 {[%emt 0:00:00]} 32. Nd4 {[%emt 0:00:00]} Qc8 {[%emt 0:00:00]} 33. Rc1 {[%emt 0:00:00]} Qd7 {[%emt 0:00:00]} 34. Nf3 {[%emt 0:00:00]} Qb5 {[%emt 0:00:00]} 35. Rc7 {[%emt 0:00:00]} Rd7 {[%emt 0:00:00]} 36. Rxd7 {[%emt 0:00:00]} Qxd7 {[%emt 0:00:00]} 37. Qf7 {[%emt 0:00:00]} h6 {[%emt 0:00:00]} 38. Rg1 {[%emt 0:00:00]} Kh7 {[%emt 0:00:00]} 39. Ng5+ {[%emt 0:00:00]} hxg5 {[%emt 0:00:00]} 40. Rxg5 {[%emt 0:00:00]} 1-0

[Event "4NCL Div 1 2018-19"]
[Site "Daventry"]
[Date "2019.01.12"]
[Round "3"]
[White "Milliet, Sophie"]
[Black "Matta, Francesca"]
[Result "1-0"]
[WhiteElo "2386"]
[BlackElo "1918"]
[Annotator "NA"]
[PlyCount "97"]
[EventDate "2019.01.12"]
[EventCountry "GBR"]
[SourceTitle "playchess.com"]
[Source "ChessBase"]
[SourceQuality "1"]
[TimeControl "40"]

1. e4 {[%emt 0:00:00]} c5 {[%emt 0:00:00]} 2. Nf3 {[%emt 0:00:00]} e6 {[%emt 0:00:00]} 3. d4 cxd4 {[%emt 0:00:00]} 4. Nxd4 {[%emt 0:00:00]} a6 {[%emt 0:00:00]} 5. c4 {[%emt 0:00:00]} Nf6 {[%emt 0:00:00]} 6. Nc3 {[%emt 0:00:00]} Qc7 {[%emt 0:00:00]} 7. Be2 {[%emt 0:00:00]} b6 {[%emt 0:00:00]} 8. O-O {[%emt 0:00:00]} Bb7 {[%emt 0:00:00]} 9. Qd3 {[%emt 0:00:00]} Be7 {[%emt 0:00:00]} 10. f4 {[%emt 0:00:00]} d6 {[%emt 0:00:00]} 11. f5 {[%emt 0:00:00]} e5 {[%emt 0:00:00]} 12. Nc2 {[%emt 0:00:00]} Nbd7 {[%emt 0:25:01]} 13. Ne3 {[%emt 0:00:00]} O-O {[%emt 0:00:00]} 14. Ned5 {[%emt 0:00:00]} Nxd5 {[%emt 0:00:00]} 15. exd5 {[%emt 0:00:00]} b5 {[%emt 0:00:00]} 16. cxb5 {[%emt 0:00:00]} axb5 {[%emt 0:00:00]} 17. Nxb5 {[%emt 0:00:00]} Qc5+ {[%emt 0:00:00]} 18. Be3 {[%emt 0:00:00]} Qxd5 {[%emt 0:00:00]} 19. Qxd5 {[%emt 0:00:00]} Bxd5 {[%emt 0:00:00]} 20. Nc7 {[%emt 0:00:00]} Ra5 {[%emt 0:00:00]} 21. b4 {[%emt 0:00:00]} Bd8 {[%emt 0:00:00]} 22. bxa5 {[%emt 0:00:00]} Bxc7 {[%emt 0:00:00]} 23. Rfd1 {[%emt 0:00:00]} Be4 {[%emt 0:00:00]} 24. Rac1 {[%emt 0:00:00]} Bxa5 {[%emt 0:00:00]} 25. Rxd6 {[%emt 0:00:00]} Bxf5 {[%emt 0:00:00]} 26. Rd5 {[%emt 0:00:00]} Bb4 {[%emt 0:00:00]} 27. Rcd1 {[%emt 0:00:00]} Nf6 {[%emt 0:00:00]} 28. Rxe5 {[%emt 0:00:00]} Be6 {[%emt 0:00:00]} 29. Rb5 {[%emt 0:00:00]} Ba3 {[%emt 0:00:00]} 30. Ra5 {[%emt 0:00:00]} Bb4 {[%emt 0:00:00]} 31. Ra4 {[%emt 0:00:00]} Nd5 {[%emt 0:00:00]} 32. Rxd5 {[%emt 0:00:00]} Bxd5 {[%emt 0:00:00]} 33. Rxb4 {[%emt 0:00:00]} Bxa2 {[%emt 0:00:00]} 34. Bf4 {[%emt 0:00:00]} Re8 {[%emt 0:00:00]} 35. Kf2 {[%emt 0:00:00]} h6 {[%emt 0:00:00]} 36. Rb8 {[%emt 0:00:00]} Rxb8 {[%emt 0:00:00]} 37. Bxb8 {[%emt 0:00:00]} f6 {[%emt 0:00:00]} 38. Ke3 {[%emt 0:00:00]} Kf7 {[%emt 0:00:00]} 39. Kd4 {[%emt 0:00:00]} Kg6 {[%emt 0:00:00]} 40. Bc4 {[%emt 0:00:00]} Bxc4 {[%emt 0:00:00]} 41. Kxc4 {[%emt 0:00:00]} Kf5 {[%emt 0:00:00]} 42. Kd4 {[%emt 0:00:00]} Kg4 {[%emt 0:00:00]} 43. h3+ {[%emt 0:00:00]} Kh4 {[%emt 0:00:00]} 44. Ke4 {[%emt 0:00:00]} g5 {[%emt 0:00:00]} 45. Kf5 {[%emt 0:00:00]} h5 {[%emt 0:00:00]} 46. g4 {[%emt 0:00:00]} hxg4 {[%emt 0:00:00]} 47. hxg4 {[%emt 0:00:00]} Kh3 {[%emt 0:00:00]} 48. Bc7 {[%emt 0:00:00]} Kh4 {[%emt 0:00:00]} 49. Bd8 {[%emt 0:00:00]} 1-0

[Event "4NCL Div 1 2018-19"]
[Site "Daventry"]
[Date "2019.01.12"]
[Round "3"]
[White "Sreeves, Clement"]
[Black "Haria, Ravi"]
[Result "0-1"]
[WhiteElo "2360"]
[BlackElo "2450"]
[Annotator "TA"]
[PlyCount "68"]
[EventDate "2019.01.12"]
[EventCountry "GBR"]
[SourceTitle "playchess.com"]
[Source "ChessBase"]
[SourceQuality "1"]

{[%evp 17,68,9,8,-111,-56,-69,-62,-58,-46,-46,-24,-41,-36,-42,-38,-31,50,-92,-91,-77,-97,-261,-186,-259,-253,-372,-370,-370,-374,-582,-591,-578,-578,-825,-800,-772,-789,-1105,-762,-1042,-1037,-1009,-940,-916,-908,-916,-879,-935,-808,-899,-836,-1181,-1020]} 1. e4 e6 2. d4 d5 3. Nc3 Bb4 4. e5 c5 5. a3 Ba5 6. b4 cxd4 7. Qg4 Kf8 {C18: French: 3 Nc3 Bb4: Main line: 7 h4 and 7 Qg4} 8. Nb5 Bb6 9. Nf3 Nc6 {LiveBook: 43 Games. The position is equal.} 10. Bf4 (10. Bb2 $1 $11) (10. Bb2 Nge7 11. Bd3 Ng6 12. Qg3 f6 13. Bxg6 hxg6 14. Nbxd4 Nxe5 15. Nxe5 fxe5 {½-½ (24) Grischuk,A (2766)-Mamedyarov,S (2801) Saint Louis 2018}) 10... Nge7 (10... a6 $17 11. Nd6 Bc7 12. Nxc8 Rxc8) 11. Qh5 $146 ({Predecessor:} 11. Bd3 Ng6 12. h4 a6 13. Nd6 h5 14. Qg3 Nxf4 15. Qxf4 {0-1 (32) Svetushkin,D (2588)-Edouard,R (2659) Haguenau 2013}) 11... Ng6 12. Bg3 a6 13. Nd6 {Black must now prevent Ng5.} Bc7 14. Nxc8 Rxc8 15. Bd3 Kg8 16. O-O f6 (16... Nf8 $15) 17. Qh3 (17. exf6 $14 {was the only good move.} Qxf6 18. Rfe1) 17... f5 $36 {[%mdl 2048] Black is really pushing.} 18. Rae1 Qe7 19. Nh4 $2 (19. Qh5 $17) 19... Nxh4 ({Don't go for} 19... Bxe5 $2 20. f4 $16) (19... Ncxe5 {[#]} 20. Nxf5 $1 {[%mdl 512]} Qf7 21. Bxe5 $14 (21. Nxd4 Re8 $14)) (19... Ngxe5 20. Bxf5 $1 {[%mdl 512]} exf5 21. f4 $11) 20. Bxh4 (20. Qxh4 {was worth a try.} g5 21. Qh5) 20... g5 $19 21. Qg3 (21. Bg3 {was necessary.}) 21... h6 22. f4 {[%cal Rf4g5]} Bd8 23. fxg5 (23. Kh1 $142) 23... hxg5 {Black is clearly winning.} 24. Rf4 Qg7 25. Bxf5 exf5 (25... gxf4 26. Bxe6+ Kh7 27. Qd3+ Kh6 28. Bf6 $16 (28. Qh3 Bxh4 29. Qxh4+ {[%mdl 64] Double Attack} Kg6 $16)) 26. Rxf5 Rxh4 27. e6 Be7 28. Rf7 Qg6 29. Qf3 Rf4 30. Rxf4 gxf4 {[%cal Bg5f4,Bf4g3][%mdl 32]} 31. Qxd5 Rf8 {Hoping for ...f3.} 32. Kh1 Qf5 33. Qf3 Rf6 34. g4 fxg3 {Accuracy: White = 31%, Black = 67%.} 0-1